LEADER 01715nam a2200361 a 4500 001 000000159342 003 CaOOAMICUS 005 20170309090800.0 008 170309s2015 be a u000 u fre r 020 $a978-2-503-55158-6* 032 $aLibriCat 040 $aPUL$bita 082 04$a709.02 245 04$aLes images dans l'occident médiéval /$csous la direction de Jérôme Baschet et Pierre-Olivier Dittmar ; introduction de Jean-Claude Schmitt ; par Eduardo Aubert ... [et al.] ; avec la collaboration d'Aline Debert et Nicole Gouiric. 260 $aTurnhout :$bBrepols,$c©2015. 300 $a507 p. :$bill. ;$c24 cm. 490 1 $aL'atelier du médiéviste ;$v14 650 4$aArte$xStoria$yEvo medio.$0(OLS)http://pul/subject/29379 700 1 $aGouiric, Nicole.$0(OLS)http://pul/name/101865 700 1 $aDebert, Aline.$0(OLS)http://pul/name/101864 700 1 $aBaschet, Jérôme.$0(OLS)http://pul/name/468 700 1 $aSchmitt, Jean-Claude,$d1946-$0(OLS)http://pul/name/15037 700 1 $aDittmar, Pierre-Olivier.$0(OLS)http://pul/name/101862 700 1 $aAubert, Eduardo.$0(OLS)http://pul/name/101863 830 2$aL'atelier du médiéviste ;$v14.$0(OLS)http://pul/title/10112 850 $aPUL 852 $aPUL$W1$xSL Cons. Gen., Altre Classi 3$y75$m709. 02 BASJE 1$j182648$qDDC 21$B185856$CPULBib$Z2$F185856 $H129042 $81 941 1 $a9 996 $6020$a978-2-503-55158-6*$9(OLS)http://pul/number/162176 996 $6082$a709.02$9(OLS)http://pul/classification/1994 996 $6245$aLes images dans l'occident médiéval$9(OLS)http://pul/title/198960 996 $6260$aTurnhout :$bBrepols$9(OLS)http://pul/publisher/47850 LEADER 02187nam a2200397 u 4500 001 000000105642 003 CaOOAMICUS 005 20081205131513.0 008 070614m19791984fr u000 u fre r 020 $a2-204-01398-6 020 $a2-204-02228-4 040 $aPUL$bita$dLDB 041 1 $afre$alat$harm 100 0 $aPhilo Alexandrinus,$d20 a.C.-c. 45 d.C.$0(OLS)http://pul/name/5726 245 10$aQuaestiones et solutiones in Genesim I et II, III, IV-V-VI :$be versione armeniaca /$c[Philon d'Alexandrie] ; introduction, traduction et notes par Charles Mercier ; complément de l'ancienne version latine texte et apparat critique, traduction et notes par Françoise Petit. 260 $aParis :$bCerf,$c1979-1984. 300 $a2 v. ;$c21 cm. 490 1 $aLes oeuvres de Philon d'Alexandrie ;$v34 504 $aBibliografia in nota. 505 0 $av. 1. I et II. -- v. 2. III-IV-V-VI. 700 1 $aMercier, Charles.$0(OLS)http://pul/name/8929 700 1 $aPetit, François.$0(OLS)http://pul/name/9205 700 0 $aPhilo Alexandrinus,$d20 a.C.-c. 45 d.C.$tQuaestiones [et solutiones] in Genesim.$0(OLS)http://pul/nameTitle/492$0(OLS)http://pul/name/5726$0(OLS)http://pul/title/132976 830 4$aLes oeuvres de Philon d'Alexandrie,$x0750-1978 ;$v34.$0(OLS)http://pul/title/21810 850 $aPUL 852 $aPUL$W1$xSL Religione 1$y3$m7(1) I 34a$j118390$qStampati$B118292$CPULBib$Z2$F118292 $H50714 $82 852 $aPUL$W1$xSL Religione 1$y3$m7(1) I 34b$j130336$av. 2$qStampati$B129407$CPULBib$Z2$F129407 $H77762 $82 900 $aFilone di Alessandria,$d20 a. C.-c. 45 d. C.$95726 900 $aFilone Ebreo,$d20 a.C.-c. 45 d.C.$95726 900 $aFilone di Alessandria,$d20 a. C.-c. 45 d. C.$95726 900 $aFilone Ebreo,$d20 a.C.-c. 45 d.C.$95726 941 1 $a8 996 $6020$a2-204-01398-6$9(OLS)http://pul/number/134832 996 $6020$a2-204-02228-4$9(OLS)http://pul/number/139269 996 $6245$aQuaestiones et solutiones in Genesim I et II, III, IV-V-VI :$be versione armeniaca$9(OLS)http://pul/title/132975 996 $6260$aParis :$bCerf$9(OLS)http://pul/publisher/48238